Living abundantly; vol. 2. (Record no. 15196)

000 -LEADER
fixed length control field 00773nam a2200217 a 4500
001 - CONTROL NUMBER
control field :::00013037$&:&@@
003 - CONTROL NUMBER IDENTIFIER
control field OkBaRHE
005 - DATE AND TIME OF LATEST TRANSACTION
control field 20110921140343.0
008 - FIXED-LENGTH DATA ELEMENTS--GENERAL INFORMATION
fixed length control field s1973 j 000 0 eng u
040 ## - CATALOGING SOURCE
Transcribing agency
100 1# - MAIN ENTRY--PERSONAL NAME
Personal name Epp, Theodore H.
245 10 - TITLE STATEMENT
Title Living abundantly; vol. 2.
260 ## - PUBLICATION, DISTRIBUTION, ETC. (IMPRINT)
Place of publication, distribution, etc Lincoln, NE., :
Name of publisher, distributor, etc Back to the Bible
Date of publication, distribution, etc c1973
300 ## - PHYSICAL DESCRIPTION
Extent v. (1-3) ;
Dimensions 22 cm.
650 ## - SUBJECT ADDED ENTRY--TOPICAL TERM
Topical term or geographic name as entry element Bible New Testament Ephesians
General subdivision Study
650 ## - SUBJECT ADDED ENTRY--TOPICAL TERM
Topical term or geographic name as entry element Christian Life
650 ## - SUBJECT ADDED ENTRY--TOPICAL TERM
Topical term or geographic name as entry element Spiritual Life
942 ## - ADDED ENTRY ELEMENTS (KOHA)
Source of classification or shelving scheme
Koha item type Books
Copies
Barcode Shelving location Price effective from Not for loan Withdrawn status Damaged status Date last seen Koha item type Full call number Lost status Current Location Date acquired Date checked out Permanent Location Copy number Total Checkouts Source of classification or shelving scheme
13037General Stacks2010-04-14   2018-04-03BooksBS 2695 .E6  2010-04-14 RHEMA Bible Training College1  
18529General Stacks2010-04-14   2018-04-03BooksBS 2695 .E6 RHEMA Bible Training College2010-04-142012-03-15RHEMA Bible Training College23